=LDR 00000nam 2200000 4500 =001 INLIS000000000015593 =005 20130612110853 =008 ***********************************Indo** =035 ##$$0010-061300000015593 =041 ##$$a Indo =082 ##$$a 028.5 =090 ##$$a 028.5, Ach m =100 ##$$a Achir Abdul Wahab =245 ##$$a Musa Dengan Kambingnya, Abdul Wahab Achir =260 ##$$a 1986 $b Jakarta =300 ##$$a vii 72 hlm, ilus, 20 cm =650 ##$$a Bacaan Anak-Anak-Indonesia =850 ##$$a NBPNMAT